[Event "Fall Chess Classic 2017-A"]
[Site "Saint Louis"]
[Date "2017.09.08"]
[Round "3"]
[White "Shimanov, Aleksandr"]
[Black "Li, Ruifeng"]
[Result "1/2-1/2"]
[WhiteElo "2646"]
[BlackElo "2548"]
[Annotator "TA RC"]
[PlyCount "68"]
[EventDate "2017.??.??"]
[EventType "tourn"]
[EventCountry "USA"]
[SourceTitle "playchess.com"]
[Source "ChessBase"]
[SourceQuality "1"]

{[%evp 15,68,12,15,7,16,12,13,8,5,0,0,-1,5,2,27,45,85,62,83,28,30,27,28,27,47,32,44,16,21,21,10,16,16,15,14,0,0,0,0,0,0,0,0,0,0,0,0,0,0,0,0,0,0,0,0]} 1. Nf3 Nf6 2. c4 e6 3. g3 d5 4. Bg2 Be7 5. d4 O-O 6. Nc3 Nbd7 7. b3 {E06: Closed Catalan: Early deviations} b6 8. O-O Bb7 {LiveBook: 19 Games} 9. Qd3 (9. Bb2 Rc8 10. cxd5 Nxd5 11. Nxd5 Bxd5 12. Qd3 c5 13. e4 Bb7 14. Rad1 cxd4 15. Nxd4 Nf6 16. Qe2 Qe8 17. a3 a5 {½-½ (32) Kramnik,V (2809)-Aronian,L (2785) London 2016}) 9... c5 (9... Rc8 {looks sharper.} 10. cxd5 Nxd5 11. Nxd5 exd5 12. Bf4 Nf6) 10. cxd5 Nxd5 11. Nxd5 Bxd5 12. Bb2 cxd4 13. Bxd4 Bf6 (13... Nc5 $5 {[%cal Rc5d3]} 14. Qe3 Qd7 $11) 14. Rfd1 Bxd4 15. Nxd4 {aiming for e4.} Nc5 $146 {[#]} ({Predecessor:} 15... Nf6 16. e4 Bb7 17. Qe3 Qe7 18. e5 Nd5 19. Nf5 exf5 20. Bxd5 Bxd5 21. Rxd5 Rfd8 22. Rad1 Rxd5 23. Rxd5 Rd8 24. Qd4 Rxd5 25. Qxd5 g6 26. Kg2 Kg7 {½-½ (26) Panno,O-Pachman,L Portoroz 1958}) 16. Qe3 $1 Bxg2 17. Kxg2 ({White should try} 17. Nxe6 $1 $16 Qc8 18. Nxf8) 17... Qd5+ $11 18. Qf3 Qxf3+ 19. Kxf3 Rac8 20. Rac1 a6 21. b4 Nd7 {The position is equal.} 22. e4 ({Don't blunder} 22. Nc6 $2 {[#]} Rxc6 $1 {[%mdl 512]} 23. Kg2 Ne5 $19) 22... Ne5+ 23. Ke2 g6 24. f4 Nc4 25. b5 axb5 26. Nxb5 Rc5 27. Nd6 Nxd6 28. Rxc5 bxc5 29. Rxd6 {[%mdl 4096] Endgame KR-KR} Ra8 30. Rd2 Ra3 31. Kd1 c4 32. Rc2 Kg7 33. Kc1 c3 34. Kd1 Kf6 {Precision: White = 62%, Black = 63%.} 1/2-1/2

[Event "Fall Chess Classic 2017-A"]
[Site "Saint Louis"]
[Date "2017.09.08"]
[Round "3"]
[White "Kovalev, Vladislav"]
[Black "Petrosian, Tigran L"]
[Result "1-0"]
[WhiteElo "2640"]
[BlackElo "2615"]
[Annotator "TA"]
[PlyCount "69"]
[EventDate "2017.??.??"]
[EventType "tourn"]
[EventCountry "USA"]
[SourceTitle "playchess.com"]
[Source "ChessBase"]
[SourceQuality "1"]

{[%evp 19,69,2,21,41,60,60,50,46,171,172,215,229,282,311,355,93,93,94,139,146,148,147,150,150,160,165,179,166,140,129,279,291,395,233,377,371,404,330,312,303,1405,330,819,806,925,927,908,873,897,881,889,888]} 1. e4 e5 2. Nf3 Nc6 3. Bc4 Bc5 4. c3 Nf6 5. d4 exd4 6. e5 d5 7. Bb5 Ne4 8. cxd4 Bb6 9. Nc3 O-O 10. Be3 {C54: Giuoco Piano: 4 c3 Nf6, main lines with 5 d4 and 5 d3} f6 {LiveBook: 5 Games} (10... Bg4 11. h3 Bh5 12. Qc2 Bg6 13. Qb3 Ne7 14. O-O c6 15. Bd3 Nf5 16. Rae1 Nxd4 17. Bxd4 Bxd4 18. Nxe4 dxe4 19. Bxe4 Bxe4 20. Rxe4 {½-½ (29) Svidler,P (2749)-So,W (2810) Saint Louis 2017}) 11. Qb3 Nxc3 12. Bxc6 $1 {White is slightly better.} bxc6 13. Qxc3 {[#]} Ba6 $146 ({Better is} 13... a5 $14) ({Predecessor:} 13... Qe8 14. exf6 Rxf6 15. Ne5 c5 16. dxc5 Ba5 17. Qxa5 Qxe5 {0-1 (40) Forcen Esteban,D (2545)-Anton Guijarro,D (2660) Minsk 2017}) 14. a4 $1 $18 (14. Qxc6 $6 Rb8 $14) 14... fxe5 15. Nxe5 c5 16. dxc5 d4 17. Qb3+ $2 (17. Bxd4 $18 {and the rest is easy.} Ba5 18. b4) 17... Kh8 $16 18. O-O-O Bxc5 19. Nf7+ Rxf7 20. Qxf7 {Threatens to win with Rhe1.} Qd6 {And now ...Qc6 would win.} 21. Bf4 Qc6 {White must now prevent ...Bd6+.} 22. Qxc7 Qd5 {[#]} 23. Be5 $1 {[%csl Ge5][%cal Rc7g7]} Rg8 24. Rhe1 h6 (24... Bb6 $16 {was worth a try.} 25. Qd6 Rc8+ 26. Kb1 Qb3) 25. Kb1 $18 Kh7 {[#]} 26. Re3 (26. Bxd4 $142 $1 Qf5+ (26... Bxd4 27. Qc2+) 27. Ka1 Bxd4 28. Rxd4) 26... d3 (26... Bc8 $142) 27. Rg3 {[%cal Rg3g7]} Bf8 28. Qc3 Bb4 29. Qd4 ({Don't do} 29. Rdxd3 Qe4 $18) ({Weaker is} 29. Rgxd3 Qxg2 30. Qc2 (30. Qxb4 Bxd3+ 31. Rxd3 Qf1+ 32. Kc2 Qe2+ 33. Rd2 Qxe5 $14) 30... Bxd3 $18) 29... Qc6 $2 (29... Qxd4 30. Bxd4 g5) 30. Rdxd3 $2 (30. Rc1 Qe6 31. Rc7) 30... Bc5 $2 {[#]} (30... Bxd3+ 31. Qxd3+ g6) 31. Qd7 $1 {White is clearly winning.} Bxd3+ 32. Qxd3+ g6 33. Qc4 {White threatens Qf7+ and mate.} Qd7 34. Qxc5 Rc8 35. Qd4 {Precision: White = 56%, Black = 17%.} 1-0

[Event "Fall Chess Classic 2017-A"]
[Site "Saint Louis"]
[Date "2017.09.08"]
[Round "3"]
[White "Swiercz, Dariusz"]
[Black "Meier, Georg"]
[Result "1/2-1/2"]
[WhiteElo "2638"]
[BlackElo "2651"]
[Annotator "TA"]
[PlyCount "60"]
[EventDate "2017.??.??"]
[EventType "tourn"]
[EventCountry "USA"]
[SourceTitle "playchess.com"]
[Source "ChessBase"]
[SourceQuality "1"]

{[%evp 23,60,22,12,10,11,8,25,21,20,14,13,13,16,-8,-8,-8,-8,-7,-14,-11,-11,-27,-7,-6,8,12,10,0,0,0,0,0,0,0,0,0,5,0,5]} 1. d4 d5 2. c4 e6 3. Nf3 Nf6 4. Nc3 Be7 5. Bf4 O-O 6. e3 c5 7. dxc5 Bxc5 8. cxd5 Nxd5 9. Nxd5 exd5 10. Bd3 Bb4+ {D37: Queen's Gambit Declined: 5 Bf4} 11. Nd2 Nc6 12. O-O Be7 {LiveBook: 6 Games} 13. Rc1 Bf6 14. Nf3 {[#]} Qb6 $146 ({Predecessor:} 14... Qe7 15. h3 g6 16. Bb5 Bd7 17. Qxd5 Be6 18. Qe4 Bxb2 19. Bxc6 {½-½ (94) Carlsen,M (2822)-Nakamura,H (2792) Saint Louis 2017}) 15. Bd6 {[#] aiming for Bxh7+.} Rd8 16. Bc5 Qa5 17. Qb3 Rb8 18. Qb5 (18. Nd4 $5 {[%cal Rd4c6]} Bd7 19. a3 $14 (19. Qxd5 Nxd4 20. exd4 Bb5 $11)) 18... Qxb5 19. Bxb5 Bxb2 20. Rc2 b6 21. Bxc6 bxc5 22. Rxc5 Be6 23. Ng5 {The position is equal.} d4 24. Nxe6 fxe6 25. exd4 Bxd4 26. Rc2 Rb2 27. Rxb2 Bxb2 28. Ba4 Kf7 29. Rd1 Rxd1+ 30. Bxd1 Kf6 {Precision: White = 77%, Black = 63%.} 1/2-1/2

[Event "Fall Chess Classic 2017-A"]
[Site "Saint Louis"]
[Date "2017.09.08"]
[Round "3"]
[White "Liang, Awonder"]
[Black "Ju, Wenjun"]
[Result "1/2-1/2"]
[WhiteElo "2545"]
[BlackElo "2574"]
[Annotator "TA"]
[PlyCount "101"]
[EventDate "2017.??.??"]
[EventType "tourn"]
[EventCountry "USA"]
[SourceTitle "playchess.com"]
[Source "ChessBase"]
[SourceQuality "1"]

{[%evp 20,101,24,21,32,21,16,20,15,19,26,19,17,17,19,12,43,43,56,30,62,27,26,13,24,26,47,39,46,33,55,23,24,5,17,6,33,33,27,21,22,20,21,24,17,8,9,-8,-8,-66,0,0,11,0,0,-16,-8,-18,-18,-26,0,0,0,0,-3,-15,0,0,0,0,0,0,0,0,1,0,1,1,1,0,0,0,0,0]} 1. e4 e5 2. Nf3 Nf6 3. Nxe5 d6 4. Nf3 Nxe4 5. Nc3 Nxc3 6. dxc3 Be7 7. Be3 Nc6 8. Qd2 Be6 9. O-O-O {C42: Petroff Defence: 3 Nxe5 and unusual White 3rd moves} Qd7 10. Kb1 (10. h4 h6 11. c4 Bf6 12. Nd4 Nxd4 13. Bxd4 Qe7 14. Qf4 Bxd4 15. Qxd4 Qf6 16. Qxf6 gxf6 {1-0 (56) Grischuk,A (2761)-Yu,Y (2753) Jiayuguan 2017}) 10... Bf6 11. h3 {LiveBook: 13 Games. White has an edge.} h5 12. Ng5 Bxg5 13. Bxg5 f6 14. Be3 O-O-O 15. b3 $146 ({Predecessor:} 15. Be2 Qf7 16. b3 a6 {1-0 (48) Kulovana,E (2263)-Kratochvil,M (2168) Czechia 2013}) 15... Kb8 16. Be2 Bf5 17. Rhe1 Bg6 18. Kb2 Rhe8 19. c4 Qe6 20. Qc3 Qe5 21. Bf3 {[#] Hoping for Bxa7+!} Qxc3+ 22. Kxc3 Ne7 23. Bf4 Bf7 24. Bc1 Kc8 25. Re2 (25. g4 {keeps more tension.} hxg4 26. hxg4 Nc6 27. Be4 Ne7 28. Bd3) 25... Nf5 26. Rde1 Rxe2 27. Rxe2 Re8 28. Be4 Ne7 29. Bd3 a5 30. a3 Nc6 31. Rxe8+ Bxe8 $11 {[%mdl 4096] Endgame KBB-KBN} 32. f4 Ne7 33. Be3 Bc6 34. Bf1 (34. g3 $11) 34... Kd7 ({Better is} 34... Nf5 $15 35. Bf2 h4) 35. g3 Ke6 (35... Nf5 $5 {[%cal Rf5e3]} 36. Bf2 Bf3 $11) 36. Kd2 b6 37. c3 Be4 38. b4 c5 39. Be2 g6 40. g4 {The position is equal.} hxg4 41. hxg4 Nc6 42. Bf2 f5 43. Bh4 cxb4 44. cxb4 axb4 45. axb4 Nxb4 46. Bf2 d5 47. Bxb6 dxc4 48. Bxc4+ Nd5 49. gxf5+ Kxf5 50. Bxd5 Bxd5 51. Ke3 {Precision: White = 39%, Black = 54%.} 1/2-1/2

[Event "Fall Chess Classic 2017-A"]
[Site "Saint Louis"]
[Date "2017.09.09"]
[Round "4"]
[White "Meier, Georg"]
[Black "Shimanov, Aleksandr"]
[Result "1-0"]
[WhiteElo "2651"]
[BlackElo "2646"]
[Annotator "TA"]
[PlyCount "89"]
[EventDate "2017.??.??"]
[EventType "tourn"]
[EventCountry "USA"]
[SourceTitle "playchess.com"]
[Source "ChessBase"]
[SourceQuality "1"]

{[%evp 23,89,13,4,12,60,57,93,89,109,76,101,109,110,129,118,110,99,110,103,106,135,137,166,160,188,106,105,110,101,83,89,62,111,114,100,107,137,145,139,130,140,160,148,145,135,144,350,350,330,336,731,736,724,712,771,770,954,946,933,933,1184,1183,997,654,633,625,503,341]} 1. e4 e5 2. Nf3 Nc6 3. Bb5 Nf6 4. O-O Nxe4 5. Re1 Nd6 6. Nxe5 Be7 7. Bf1 Nxe5 8. Rxe5 O-O 9. Nc3 {[%cal Bb1c3,Bc3d5,Bd5e3,Be3g4][%mdl 32] C67: Ruy Lopez: Berlin Defence: 4 0-0 Nxe4} Ne8 10. Nd5 Bd6 11. Re2 Nf6 12. Ne3 Re8 {LiveBook: 3 Games} 13. b3 {[#]} Be5 $146 ({Find the theoretical novelty and annotate with similar games:} 13... Bf8 14. Bb2 Re6 15. c4 c6 16. Re1 d5 17. cxd5 Nxd5 {½-½ (33) Nakamura,H (2775)-Giri,A (2768) London 2014}) 14. d4 Bf4 {[#]} 15. Ng4 $1 {[%cal Rg4f6][%mdl 512]} Nd5 (15... Nxg4 16. Rxe8+) 16. Rxe8+ Qxe8 17. Qf3 Bxc1 18. Rxc1 c6 19. c4 {[%cal Bc2c4,Bc4c5,Bc5d6][%mdl 32]} Ne7 20. Qg3 {Strongly threatening Nf6+.} Ng6 21. Ne3 Qf8 22. c5 d5 23. cxd6 Be6 24. Bc4 (24. h4 $18) 24... Rd8 $16 25. Bxe6 fxe6 26. Nc4 Qf6 27. Rd1 Nh4 28. a4 {[%cal Ba2a4,Ba4a5][%mdl 32]} h6 29. h3 $36 {[%mdl 2048] Keeping Black busy.} Rd7 30. a5 Rd8 31. Rd3 Nf5 32. Qe5 b5 33. axb6 axb6 34. g4 Qg6 $2 (34... Nh4 $16) 35. d7 $18 ({Less strong is} 35. Nxb6 Nxd6 36. Re3 Nb5 $16) 35... Nh4 36. Qc7 Qf6 $2 (36... Rxd7 37. Qxd7 Qxd3) 37. Ne5 {White is clearly winning.} Rf8 38. Rd2 Qg5 39. Qd6 Qf6 40. Qxc6 Qf4 41. Qc8 Qf6 42. Rc2 {Intending Qxf8+! and mate.} Kh7 43. Qxf8 Qxf8 44. Rc8 Qb4 {[#] ( -> ...Qe1+)} 45. Rh8+ $1 {[%mdl 512] Precision: White = 93%, Black = 46%.} 1-0

[Event "Fall Chess Classic 2017-A"]
[Site "Saint Louis"]
[Date "2017.09.09"]
[Round "4"]
[White "Naroditsky, Daniel"]
[Black "Kovalev, Vladislav"]
[Result "1/2-1/2"]
[WhiteElo "2626"]
[BlackElo "2640"]
[Annotator "TA"]
[PlyCount "73"]
[EventDate "2017.??.??"]
[EventType "tourn"]
[EventCountry "USA"]
[SourceTitle "playchess.com"]
[Source "ChessBase"]
[SourceQuality "1"]

{[%evp 23,73,30,40,29,54,47,56,35,65,52,78,84,74,0,8,6,8,8,10,16,16,16,16,16,16,16,16,16,16,16,16,25,57,0,0,0,0,0,0,0,0,0,4,3,4,0,0,0,0,0,0,0]} 1. d4 Nf6 2. c4 g6 3. Nc3 Bg7 4. e4 d6 5. f3 O-O 6. Nge2 c5 7. Be3 Nc6 8. d5 Ne5 9. Ng3 h5 10. Be2 {E81: King's Indian: Sämisch: 6th move deviations (including 6 Be3 c6)} h4 11. Nf1 e6 12. Bg5 (12. Nd2 exd5 13. cxd5 h3 14. g3 b5 15. Nxb5 Rb8 16. Qc2 Nxd5 17. exd5 Bf5 {0-1 (32) Dreev,A (2644)-Mamedov,R (2657) Berlin 2015}) 12... h3 {LiveBook: 4 Games} 13. gxh3 {Hoping for f4.} exd5 14. Nxd5 Be6 $146 ({Predecessor:} 14... Bxh3 15. Rg1 a5 16. Ng3 a4 17. Qd2 Kh7 {1-0 (26) Laghetti,G (2294)-Seifert,H (2112) ICCF email 2011}) 15. h4 Bxd5 16. cxd5 Qb6 17. Qd2 c4 18. Ne3 (18. Be3 $16 Qa6 19. Ng3) 18... Rac8 $11 19. Rc1 {[%cal Re3c4]} Nd3+ 20. Bxd3 cxd3 21. Nc4 Qd4 22. Be3 Nxe4 $1 23. Bxd4 Nxd2 24. Kxd2 Bxd4 25. Kxd3 Bf2 26. h5 Rc5 27. Ke2 {Black must now prevent b4.} Bd4 28. Kd3 (28. Rhd1 $1 $14) 28... Bf2 {The position is equal.} 29. hxg6 Rxd5+ 30. Ke2 Bc5 {aiming for ...Re8+.} 31. gxf7+ Kxf7 32. Rhd1 Rxd1 33. Rxd1 Rh8 34. Nxd6+ Bxd6 35. Rxd6 {[#] Rd7+ is the strong threat.} Rxh2+ 36. Ke3 {And now Rd7+ would win.} Rxb2 37. Rd2 {Precision: White = 95%, Black = 90%.} 1/2-1/2

[Event "Fall Chess Classic 2017-A"]
[Site "Saint Louis"]
[Date "2017.09.09"]
[Round "4"]
[White "Ju, Wenjun"]
[Black "Petrosian, Tigran L"]
[Result "0-1"]
[WhiteElo "2574"]
[BlackElo "2615"]
[Annotator "TA"]
[PlyCount "132"]
[EventDate "2017.??.??"]
[EventType "tourn"]
[EventCountry "USA"]
[SourceTitle "playchess.com"]
[Source "ChessBase"]
[SourceQuality "1"]

{[%evp 21,132,41,37,22,25,20,37,43,39,39,34,16,22,8,29,22,25,19,38,0,0,0,0,0,35,33,44,32,32,28,66,36,27,23,39,0,0,0,0,0,0,0,0,0,0,0,0,0,0,0,10,0,4,0,0,0,0,0,0,0,0,0,0,0,-4,-6,-4,-3,-2,-32,-30,-45,-37,-37,-66,-118,-4,-4,0,0,0,0,2,0,0,0,0,0,0,0,0,0,0,0,0,0,0,0,0,0,0,-12849,-12849,-29978,-29979,-29980,-29981,-29981,-29982,-29982,-29983,-29982,-29982]} 1. d4 d6 2. Nf3 g6 3. e4 Nf6 4. Bd3 Bg7 5. O-O O-O 6. c3 Nc6 7. h3 e5 8. Re1 h6 9. Na3 {[%cal Bb1a3,Ba3c2,Bc2d4][%mdl 32]} Re8 {B07: Pirc Defence: Miscellaneous Systems} 10. Nc2 Bd7 11. a4 a5 {LiveBook: 3 Games. White is slightly better.} 12. dxe5 Nxe5 13. Nxe5 {[#]} Rxe5 $146 ({Predecessor:} 13... dxe5 14. Qe2 Nh5 15. Bc4 Qf6 16. Ne3 Nf4 17. Qf1 {0-1 (42) Vratonjic,S (2435)-Spasov,V (2585) Nis 1997}) 14. Bf4 Re7 15. Nd4 Qe8 {[%cal Rf6e4]} 16. Re2 Nh5 ({Don't play} 16... Nxe4 $6 17. Qe1 $16) 17. Bd2 Kh7 18. Qc2 Be5 19. Ree1 Bf4 20. b3 Qh8 21. g4 Bxd2 22. Qxd2 Nf6 23. Re2 Bc6 24. Rae1 Nd7 25. Bc2 Rae8 26. f3 Qf6 27. h4 {[%cal Bh3h4,Bh4h5][%mdl 32]} d5 28. exd5 Bxd5 {[#] And now ...Rxe2 would win.} 29. Rxe7 Rxe7 30. Rxe7 Qxe7 31. c4 Be6 32. h5 Qd6 33. Qe3 {aiming for hxg6+.} Nf8 34. Kg2 Bd7 35. Be4 c6 36. hxg6+ fxg6 37. Qc3 Qf6 38. Qd3 Kg7 39. Ne2 h5 40. gxh5 gxh5 41. Ng3 Qb2+ 42. Ne2 h4 43. Kf2 Qe5 44. f4 Qc5+ 45. Qd4+ (45. Kf1 {is interesting.} Bg4 46. Nd4 Kf6 47. Qc3 Kf7 48. Nf3) 45... Qxd4+ 46. Nxd4 $15 {[%mdl 4096] Endgame KBN-KBN} Kf6 47. Nf3 h3 48. Kg3 ({Better is} 48. Ng5 $1 $15) 48... Ne6 (48... Bf5 $17 49. Nd2 Ne6) 49. Ne5 $11 Bc8 50. Ng4+ Ke7 {Threatens to win with ...Nc5.} 51. Bf5 Kd6 52. Ne3 Bd7 53. Bxh3 Nc5 54. Nf5+ Bxf5 55. Bxf5 Nxb3 {KB-KN} 56. Bc2 Nd4 57. Bd3 Kc5 58. f5 Nxf5+ 59. Bxf5 Kxc4 {KB-K3P} 60. Kf2 Kb3 (60... Kb4 $5 {[%cal Rb4a4]} 61. Bc8 b5 $11) 61. Bc8 $2 {[%mdl 8192] [#]} (61. Ke3 $11) 61... b5 $1 $19 {[%cal Rb5a4]} 62. axb5 cxb5 {Black mates.} 63. Ke3 Kc3 64. Ke2 a4 {[%cal Ba5a4,Ba4a3][%mdl 32]} 65. Kd1 a3 ({Not} 65... b4 66. Kc1 $11) 66. Be6 Kb2 {Precision: White = 53%, Black = 82%.} 0-1

[Event "Fall Chess Classic 2017-A"]
[Site "Saint Louis"]
[Date "2017.09.09"]
[Round "4"]
[White "Li, Ruifeng"]
[Black "Zherebukh, Yaroslav"]
[Result "0-1"]
[WhiteElo "2548"]
[BlackElo "2621"]
[Annotator "TA"]
[PlyCount "84"]
[EventDate "2017.??.??"]
[EventType "tourn"]
[EventCountry "USA"]
[SourceTitle "playchess.com"]
[Source "ChessBase"]
[SourceQuality "1"]

{[%evp 9,84,0,0,0,0,0,0,0,0,0,0,0,29,6,25,4,0,0,0,0,0,-6,0,0,0,-10,-26,-8,-14,-34,-36,-43,-42,-39,-31,-97,-40,-44,-44,-64,-26,-29,-34,-29,-26,-18,-24,-115,-83,-76,-59,-161,-151,-137,-134,-122,-114,-177,-90,-320,-318,-422,-397,-412,-411,-496,-474,-629,-625,-614,-615,-595,-591,-875,-837,-809,-799]} 1. e4 a6 2. a3 c6 $146 ({Predecessor:} 2... c5 3. b4 Nc6 4. bxc5 e5 5. Nf3 Bxc5 6. Bc4 Nf6 7. Nc3 O-O 8. d3 d6 9. h3 Nd4 {½-½ (59) Geller,J (2481)-Frolyanov,D (2577) Nizhny Tagil 2015}) 3. d4 d5 4. exd5 cxd5 5. c4 Nf6 6. Nc3 {B00: Queen's Fianchetto Defence, Nimzowitsch Defence} Nc6 7. Nf3 Bg4 8. Be3 {The position is equal.} Rc8 9. h3 Bxf3 $1 10. Qxf3 {[%cal Rc3d5]} e6 11. cxd5 Nxd5 12. Nxd5 exd5 13. Bd3 g6 14. Qe2 Qe7 15. Qg4 f5 16. Qf4 Qd6 17. O-O Qxf4 18. Bxf4 Bg7 19. Rfe1+ Kf7 20. Be5 Bxe5 21. dxe5 f4 22. Bb1 ({White should play} 22. Rad1 $15) 22... Ne7 ({Better is} 22... Nd4 $17 {aiming for ...Nb3.} 23. Bd3 Nc2 24. e6+ Ke7 25. Bxc2 Rxc2) 23. Bd3 $15 Rhe8 24. g3 Ke6 25. gxf4 Rf8 26. Rac1 Rxf4 27. Rxc8 Nxc8 $11 {[%mdl 4096] Endgame KRB-KRN} 28. Kg2 (28. Rc1 $11 Ne7 29. Rc7) 28... Nb6 29. Kg3 Rd4 30. Bf1 {[#]} (30. Be2 $15) 30... g5 $1 $19 31. h4 Rxh4 32. Bh3+ Ke7 33. b3 {[#]} (33. Rf1 $17 {keeps fighting.}) 33... Nd7 (33... h5 $1 $19 34. Rc1 Kd8) 34. Bf5 $2 (34. Bg2 $17) 34... h5 {[%cal Bh7h5,Bh5h4][%mdl 32]} 35. f3 Rf4 36. Bh3 d4 {[%cal Bd5d4,Bd4d3,Bd3d2][%mdl 32]} 37. e6 Nf6 {Black is clearly winning.} 38. Rc1 h4+ 39. Kg2 d3 40. Rd1 Rd4 41. Bf5 Nd5 {Strongly threatening ...Ne3+.} 42. Kf2 d2 {Precision: White = 30%, Black = 71%.} 0-1

[Event "Fall Chess Classic 2017-A"]
[Site "Saint Louis"]
[Date "2017.09.09"]
[Round "4"]
[White "Liang, Awonder"]
[Black "Swiercz, Dariusz"]
[Result "1/2-1/2"]
[WhiteElo "2545"]
[BlackElo "2638"]
[Annotator "TA"]
[PlyCount "64"]
[EventDate "2017.??.??"]
[EventType "tourn"]
[EventCountry "USA"]
[SourceTitle "playchess.com"]
[Source "ChessBase"]
[SourceQuality "1"]

{[%evp 21,64,-5,0,0,-3,-7,0,0,0,0,0,0,0,-4,0,0,0,0,5,5,5,4,5,6,6,9,11,5,22,12,70,0,0,0,0,0,0,0,0,0,0,0,0,0,0]} 1. e4 e5 2. Nf3 Nc6 3. Bb5 Nf6 4. d3 Bc5 {[%cal Bf8c5,Bc5b6,Bb6a5][%mdl 32]} 5. c3 O-O 6. O-O d6 7. Nbd2 Ne7 {C65: Ruy Lopez: Berlin Defence (3...Nf6), unusual lines and 4 0-0 Bc5} 8. d4 exd4 9. cxd4 Bb6 10. Re1 Bg4 11. h3 Bh5 {LiveBook: 23 Games} 12. a4 a6 13. Bf1 {[#]} Ba5 $146 ({Predecessor:} 13... Nc6 14. a5 Ba7 15. Ra4 {1-0 (40) Caruana,F (2804)-Kramnik,V (2812) Leuven 2016}) 14. Qb3 d5 15. exd5 Bxf3 16. Qxf3 Nexd5 17. Re2 Bxd2 18. Bxd2 c6 19. Re5 Qb6 20. Bc3 Rae8 21. Bc4 Nxc3 22. bxc3 Rxe5 23. dxe5 Nd7 24. Qe4 Nc5 25. Qe3 Qa5 ({Black should play} 25... a5 $11) 26. f4 (26. Rb1 $14) 26... Nxa4 $11 {The position is equal.} 27. e6 $36 {[%mdl 2048] Black is under pressure.} fxe6 {Strongly threatening ...Kh8.} 28. f5 ({Much weaker is} 28. Bxe6+ Kh8 $17) 28... Qxc3 29. Qxe6+ Kh8 30. Rxa4 Qd4+ 31. Kh2 {And now Bb3 would win.} Qf4+ 32. Kh1 {[#] Hoping for Ra1.} Qc1+ {Precision: White = 80%, Black = 78%.} 1/2-1/2

[Event "Fall Chess Classic 2017-A"]
[Site "Saint Louis"]
[Date "2017.09.10"]
[Round "5"]
[White "Shimanov, Aleksandr"]
[Black "Liang, Awonder"]
[Result "1/2-1/2"]
[WhiteElo "2646"]
[BlackElo "2545"]
[Annotator "TA"]
[PlyCount "69"]
[EventDate "2017.??.??"]
[EventType "tourn"]
[EventCountry "USA"]
[SourceTitle "playchess.com"]
[Source "ChessBase"]
[SourceQuality "1"]

{[%evp 16,69,0,6,13,-8,-7,-23,-8,-9,0,-8,0,0,0,0,11,11,10,8,20,0,4,0,10,17,12,6,10,12,19,0,0,0,0,-14,-12,-12,-12,-16,-8,-2,0,0,0,-15,0,-53,-47,-38,-33,-38,-25,-37,-24,-50]} 1. c4 Nf6 2. Nc3 e5 3. Nf3 Nc6 4. e3 Be7 5. a3 d5 6. cxd5 Nxd5 7. Qc2 O-O 8. b4 {A28: English Opening: Four Knights Variation} Nxc3 9. dxc3 {LiveBook: 11 Games} Bd6 $146 (9... Qd6 {is interesting.} 10. Bb2 Rd8 11. b5 Na5 12. c4 e4) ({Find the theoretical novelty and annotate with similar games:} 9... Qd6 10. Bb2 Bg4 11. Be2 f5 12. b5 Bxf3 13. gxf3 Nd8 14. c4 c6 15. c5 Qg6 16. Bxe5 cxb5 17. Bxb5 {½-½ (40) Koneru,H (2613)-Kosteniuk,A (2532) Lopota 2014}) 10. e4 {The position is equal.} a5 {[%cal Ra5b4]} 11. Rb1 (11. b5 $5 {[%cal Rb5c6]} Nb8 12. Be3 $11) 11... axb4 12. axb4 Be6 13. Be2 Ra2 (13... Qe7 {seems wilder.} 14. Ng5 Bd7 15. O-O Nd8 16. Bc4 Qf6) 14. Rb2 Rxb2 15. Qxb2 Qe7 16. Ng5 Bd7 17. O-O Nd8 18. Rd1 Ba4 19. Re1 Bc6 20. Bc4 h6 21. Nf3 $1 Bd7 22. Be3 Ne6 23. Qa2 b5 24. Bb3 c5 {[%cal Bc7c5,Bc5c4][%mdl 32]} 25. Rd1 {[#] Black must now prevent Qd2.} c4 26. Bc2 Rd8 27. Bb6 Rb8 28. Qa7 Be8 29. g3 Qxa7 (29... f6 $5 {[%cal Re8h5]}) 30. Bxa7 Ra8 31. Bb6 (31. Rxd6 $11 Rxa7 32. Nxe5) 31... Bb8 {...Ra3 is the strong threat.} 32. Ba5 Kf8 33. Kf1 f6 34. Nh4 Bc7 35. Bxc7 {Precision: White = 61%, Black = 62%.} 1/2-1/2

[Event "Fall Chess Classic 2017-A"]
[Site "Saint Louis"]
[Date "2017.09.10"]
[Round "5"]
[White "Kovalev, Vladislav"]
[Black "Li, Ruifeng"]
[Result "1-0"]
[WhiteElo "2640"]
[BlackElo "2548"]
[Annotator "TA"]
[PlyCount "73"]
[EventDate "2017.??.??"]
[EventType "tourn"]
[EventCountry "USA"]
[SourceTitle "playchess.com"]
[Source "ChessBase"]
[SourceQuality "1"]

{[%evp 19,73,35,35,31,57,44,56,54,73,33,59,37,78,79,74,81,79,71,93,98,133,134,125,122,142,137,127,112,124,128,292,289,289,295,299,279,260,277,341,324,359,359,359,359,506,401,575,595,597,590,638,729,727,708,683,689]} 1. e4 c5 2. Nf3 d6 3. d4 cxd4 4. Nxd4 Nf6 5. f3 e5 6. Nb3 Be6 7. c4 a5 {B55: Sicilian: 2...d6 3 d4 cxd4 4 Nxd4 Nf6 5 f3} (7... Nbd7 8. Be3 Rc8 9. Nc3 Bxc4 10. Bxc4 Rxc4 11. Qd3 Rc6 12. O-O-O Be7 13. g4 O-O 14. Kb1 a6 15. h4 Nc5 16. Nxc5 dxc5 17. Qxd8 Rxd8 18. Rxd8+ Bxd8 {1-0 (38) So,W (2770)-Topalov,V (2761) Leuven 2016}) 8. Be3 a4 9. N3d2 Qa5 10. Nc3 Be7 {LiveBook: 29 Games} 11. Bd3 Nbd7 $146 ({Predecessor:} 11... Nc6 12. a3 Nd4 13. O-O O-O 14. Nd5 Nxd5 15. cxd5 {½-½ (41) Ponkratov,P (2582)-Yudin,S (2518) Tomsk 2011}) 12. O-O Nc5 13. Be2 O-O 14. Qc2 Nfd7 15. Rab1 Qd8 16. b4 axb3 17. axb3 Bg5 18. Bf2 Nf6 19. Rfd1 Bd7 20. Nf1 Qe7 21. Ne3 Bxe3 22. Bxe3 Rfd8 23. Qd2 Bc6 24. b4 Ncxe4 $2 {[#]} (24... Na4 $16 25. Nd5 Bxd5) 25. fxe4 $18 ({Don't play} 25. Nxe4 $6 Nxe4 26. fxe4 Bxe4 $18) 25... Nxe4 26. Nxe4 Bxe4 27. Ra1 Rxa1 28. Rxa1 h6 29. Bb6 Rc8 30. Rd1 Rc6 31. Bf2 b5 (31... Qe6 {was called for.} 32. b5 Rc8 33. Qxd6 Qxd6 34. Rxd6 Ra8) 32. c5 d5 (32... dxc5 $142 33. Bxb5 Rg6 34. Bxc5 Qf6) 33. Bxb5 {White is clearly winning.} Rg6 34. Bg3 f5 35. Bd3 Kh7 36. Bxe4 dxe4 37. Qd5 {Precision: White = 79%, Black = 34%.} 1-0